000 00889nam a2200229 a 4500
008 081029s1998 ||||||||||||||||| || u
020 _a0821343076
050 _aIBRD(08)TP
100 _aFeitelson, Eran
245 1 0 _aIdentification of joint management structures for shared aquifers: a cooperative Palestinian-Israeli effort
260 _aWashington, D.C.
_bWorld Bank
_c1998
300 _avi, 28p.:ill.
350 _a0.00
490 _aWorld Bank Technical Papers
650 _aWATER RESOURCES DEVELOPMENT--PALESTINE--MANAGEMENT
650 _aWATER RESOURCES DEVELOPMENT--ISRAEL--MANAGEMENT
650 _aAQUIFERS--ISRAEL
650 _aAQUIFERS--PALESTINE
700 _aHaddad, Marwan
710 _aWorld Bank
995 _D0.00
_FCBU-MAIN LIBRARY (Kitwe)
_H1
_I0.00
_M415
_UAVAILABLE
_WOct 29, 2008
_ZInternational Publications
999 _c46119
_d46119